000170689 001__ 170689
000170689 005__ 20260429150229.0
000170689 037__ $$aTAZ-TFG-2026-361
000170689 041__ $$aspa
000170689 1001_ $$aCorrea Tituana, Samanta Daniela
000170689 24200 $$aContribution of the Latin American population to Spanish economic growth (2006-2022)
000170689 24500 $$a"Contribución de la población latinoamericana al crecimiento económico español (2006-2022)"
000170689 260__ $$aZaragoza$$bUniversidad de Zaragoza$$c2026
000170689 506__ $$aby-nc-sa$$bCreative Commons$$c3.0$$uhttp://creativecommons.org/licenses/by-nc-sa/3.0/
000170689 520__ $$aSe busca analizar la relación entre la proporción de población inmigrante latinoamericana en edad de trabajar y el PIB per cápita en las comunidades autónomas españolas durante el período 2006–2022. El estudio surge en un contexto de fuerte debate público sobre la inmigración y su impacto económico, con el objetivo de aportar evidencia empírica que permita abordar esta cuestión desde una perspectiva cuantitativa y no únicamente ideológica.<br /><br />
000170689 521__ $$aGraduado en Administración y Dirección de Empresas
000170689 540__ $$aDerechos regulados por licencia Creative Commons
000170689 691__ $$a0
000170689 692__ $$a
000170689 700__ $$aBellido Bellón, Héctor$$edir.
000170689 700__ $$aMorales Catalán, Marina$$edir.
000170689 700__ $$aMarcén Pérez, Miriam$$edir.
000170689 700__ $$aMarcén Pérez, Miriam$$edir.
000170689 7102_ $$aUniversidad de Zaragoza$$bAnálisis Económico$$cFundamentos del Análisis Económico
000170689 8560_ $$f816769@unizar.es
000170689 8564_ $$s660300$$uhttps://zaguan.unizar.es/record/170689/files/TAZ-TFG-2026-361.pdf$$yMemoria (spa)
000170689 909CO $$ooai:zaguan.unizar.es:170689$$pdriver$$ptrabajos-fin-grado
000170689 950__ $$a
000170689 951__ $$adeposita:2026-04-29
000170689 980__ $$aTAZ$$bTFG$$cECON
000170689 999__ $$a20260210000525.CREATION_DATE